Reproduction in mammals: (Record no. 7025)
[ view plain ]
| 000 -LEADER | |
|---|---|
| fixed length control field | 00609nam a22002057a 4500 |
| 003 - CONTROL NUMBER IDENTIFIER | |
| control field | OSt |
| 005 - DATE AND TIME OF LATEST TRANSACTION | |
| control field | 20210825124709.0 |
| 008 - FIXED-LENGTH DATA ELEMENTS--GENERAL INFORMATION | |
| fixed length control field | 210825b ||||| |||| 00| 0 eng d |
| 020 ## - INTERNATIONAL STANDARD BOOK NUMBER | |
| International Standard Book Number | 0521275946 |
| 040 ## - CATALOGING SOURCE | |
| Transcribing agency | DDC |
| 082 ## - DEWEY DECIMAL CLASSIFICATION NUMBER | |
| Classification number | 599REP1984 |
| 100 ## - MAIN ENTRY--PERSONAL NAME | |
| Personal name | Austin,C.R;Frs,Short.R.V; |
| 9 (RLIN) | 14432 |
| 245 ## - TITLE STATEMENT | |
| Title | Reproduction in mammals: |
| Remainder of title | Hormonal Control of reproduction |
| Statement of responsibility, etc. | Austin,C.R;Frs,Short.R.V; |
| 250 ## - EDITION STATEMENT | |
| Edition statement | 2nd ed, |
| Remainder of edition statement | Book 3 |
| 260 ## - PUBLICATION, DISTRIBUTION, ETC. (IMPRINT) | |
| Place of publication, distribution, etc. | Uk, |
| Name of publisher, distributor, etc. | Cambridge University Press. |
| Date of publication, distribution, etc. | 1984. |
| 300 ## - PHYSICAL DESCRIPTION | |
| Extent | xi,244p; |
| Other physical details | ill; |
| Dimensions | 26cm. |
| 504 ## - BIBLIOGRAPHY, ETC. NOTE | |
| Bibliography, etc | includes index and references. |
| 650 ## - SUBJECT ADDED ENTRY--TOPICAL TERM | |
| Topical term or geographic name as entry element | Biology. |
| 9 (RLIN) | 5602 |
| 942 ## - ADDED ENTRY ELEMENTS (KOHA) | |
| Source of classification or shelving scheme | Dewey Decimal Classification |
| Koha item type | Open Shelf |
| Withdrawn status | Lost status | Source of classification or shelving scheme | Damaged status | Not for loan | Home library | Current library | Date acquired | Source of acquisition | Inventory number | Total Checkouts | Full call number | Barcode | Date last seen | Price effective from | Koha item type |
|---|---|---|---|---|---|---|---|---|---|---|---|---|---|---|---|
| Dewey Decimal Classification | MUST Main Library | MUST Main Library | 25/08/2021 | Purchase | 2000/14568 | 599REP1984 | 2021-0707 | 25/08/2021 | 25/08/2021 | Open Shelf | |||||
| Dewey Decimal Classification | MUST Main Library | MUST Main Library | 25/08/2021 | Purchase | 2000/14596 | 599REP1984 | 2021-0708 | 25/08/2021 | 25/08/2021 | Open Shelf |
